000 00887nmm a2200265 a 4500
001 ocm0001349730
003 TR-IsHL
005 20201028161253.0
008 161016s2016 tu tur
007 cr cn
020 _a9789752697645
035 _a1349730
_b(N$T)
050 0 4 _aBP166.38
_b.Y472
090 0 4 _aBP166.38
_b.Y472
100 1 _aYenidinç, Yılmaz
245 1 0 _aSon peygamber, herkesin peygamberi Hz. Muhammed
_h[electronic resource] /
_cYılmaz Yenidinç
260 _aİstanbul :
_bNesil Çocuk Yayınları,
_c2016
300 _a33 p.
650 4 _aFelsefe, Psikoloji ve Din
650 4 _aPhilosophy, Psychology and Religion
650 0 _aPeygamberler, Kuran'da
650 0 _aProphets in the Koran
650 7 _aRELIGION / Islam / History
_2bisacsh
856 4 0 _uhttp://search.ebscohost.com/login.aspx?direct=true&scope=site&db=e011xww&AN=1349730
999 _c14033
_d14033